[Event "ch-GER Junior U18 2012"]
[Site "Oberhof GER"]
[Date "2012.05.31"]
[Round "7.8"]
[White "Cremer,Ja"]
[Black "Becker,Mat2"]
[Result "1-0"]
[WhiteElo "2089"]
[BlackElo "2007"]

1.e4 g6 2.d4 Bg7 3.Nc3 d5 4.exd5 Nf6 5.Bb5+ Nbd7 6.Nf3 O-O 7.O-O Nb6 8.Re1 Nfxd5
9.Ne4 Bg4 10.Nc5 c6 11.Be2 Qc7 12.Ne5 Bxe2 13.Qxe2 Rad8 14.h3 Nf6 15.Bf4 Qc8
16.Rad1 Nfd7 17.Ncd3 Nd5 18.Bg5 Rfe8 19.c4 Nxe5 20.Nxe5 Nc7 21.Nf3 Ne6 22.Be3 b6
23.Rd2 Rd6 24.d5 cxd5 25.cxd5 Nc7 26.Rc1 Qb7 27.Bf4 Rd7 28.Ne5 Bxe5 29.Qxe5 Nxd5
30.Bh6 Nf6 31.Rxd7 Qxd7 32.Rc7 Qd1+ 33.Kh2 Qd6 34.Qxd6 exd6 35.Rxa7 Rb8 36.Bf4 Ne8
37.Rd7 Kg7 38.Bxd6 Nxd6 39.Rxd6 b5 40.Kg3 b4 41.Rd3 Rc8 42.Rd4 Ra8 43.Rxb4 Rxa2
44.Rb6 h5 45.f4 Ra1 46.Kh4 Rd1 47.g4 hxg4 48.hxg4 Rd4 49.Kg3 Rd5 50.g5 Rd1
51.b4 Rd3+ 52.Kf2 Rb3 53.Rb7 Kf8 54.b5 Kg8 55.b6 Kg7 56.Ke2 Kf8 57.Kd2 Kg7
58.Rb8 Rf3 59.Rc8 Rb3 60.Rc6 Rb4 61.Kc3 Rb1 62.Kd4 Rb2 63.Ke5 Rd2 64.Rd6 Rb2
65.Kd5 Rc2 66.b7 Rb2 67.Kc6 Rc2+ 68.Kd7 Rb2  1-0

[Event "XXVII Felix Cup 2012"]
[Site "Baile Felix ROU"]
[Date "2012.06.01"]
[Round "1.2"]
[White "Tudor,I"]
[Black "Grunberg,M"]
[Result "0-1"]
[WhiteElo "1801"]
[BlackElo "2433"]

1.e4 g6 2.d4 Bg7 3.Nc3 a6 4.a4 d6 5.f4 Nf6 6.Be2 O-O 7.Be3 e5 8.fxe5 dxe5
9.d5 c6 10.Bg5 Qa5  0-1

[Event "1st Euro 2012 Open"]
[Site "Lviv UKR"]
[Date "2012.06.01"]
[Round "7"]
[White "Soupizon,R"]
[Black "Bykovskiy,Oleg"]
[Result "1/2-1/2"]
[WhiteElo "2001"]
[BlackElo "2016"]

1.e4 g6 2.d4 Bg7 3.Nc3 Nc6 4.Nf3 d6 5.h3 Nf6 6.Be3 a6 7.Qd2 O-O 8.O-O-O b5
9.a3 b4 10.axb4 Nxb4 11.Bh6 c5 12.Bxg7 Kxg7 13.Bc4 Qa5 14.Kb1 Bb7 15.d5 Nd7
16.Na2 f6 17.h4 Qb6 18.Nc3 a5 19.Nb5 a4 20.Na3 Ba6 21.Qc3 Rfb8 22.h5 Ne5
23.Nxe5 dxe5 24.hxg6 hxg6 25.Rh3 Bc8 26.Rh2 Bd7 27.Rdh1 Rh8 28.f4 Rxh2 29.Rxh2 exf4
30.e5 Bf5 31.d6 Rd8 32.Qe1 Rxd6 33.exd6 Qxd6 34.Rh1 g5 35.Qd1 Qxd1+ 36.Rxd1 g4
37.Kc1 Nc6 38.Bb5 Nd4 39.Bxa4 Be4 40.c3 Nf5 41.Bc2 Bxc2 42.Nxc2 Nd6 43.b4 cxb4
44.cxb4 Kf7 45.Rd4 f5 46.Rxf4 e5 47.Rf1 Ke6 48.Rd1 Nb5 49.Kb2 f4 50.Kb3 f3
51.gxf3 gxf3 52.Kc4 Nd6+ 53.Kd3 Kd7 54.Ke3 e4 55.Ne1 Kc7 56.Nxf3 exf3 57.Kxf3 Nb5
58.Ke3 Kb6 59.Rc1 Nd6 60.Rc5 Nb7 61.Kd4 Nxc5 62.bxc5+  1/2-1/2

[Event "Server24Chess 2012"]
[Site "Ortisei ITA"]
[Date "2012.06.05"]
[Round "4"]
[White "Rubini,A"]
[Black "Blaeser,R"]
[Result "1/2-1/2"]
[WhiteElo "1926"]
[BlackElo "1991"]

1.e4 g6 2.d4 Bg7 3.Nc3 c5 4.Nf3 cxd4 5.Nxd4 Nc6 6.Be3 Nf6 7.Qd2 Ng4 8.Nxc6 bxc6
9.Bd4 e5 10.Bc5 Qf6 11.h3 Nh6 12.Bc4 Ng8 13.Rd1 Bf8 14.Bxf8 Kxf8 15.O-O g5
16.g3 Ne7 17.f4 gxf4 18.gxf4 Rg8+ 19.Kh1 d5 20.fxe5 Qxe5 21.Qf2 Be6 22.exd5 cxd5
23.Nxd5 Qe4+ 24.Qf3 Qxf3+ 25.Rxf3 Rd8 26.Rfd3 Bf5 27.R3d2 Be4+ 28.Kh2 Nxd5
29.Bxd5 Rxd5 30.Rxd5 Rg2+ 31.Kh1 Rxc2+ 32.Kg1 Bxd5 33.Rxd5 Rxb2 34.Ra5 Rb7
35.Kf2 Kg7 36.Kg3 Kg6 37.Kg4 f6 38.Kf4 Rc7 39.Kg4 h5+ 40.Kf4 Rb7 41.h4 Rc7  1/2-1/2

[Event "FSIMB June 2012"]
[Site "Budapest HUN"]
[Date "2012.06.09"]
[Round "7.2"]
[White "Dolgener,T"]
[Black "Farago,S"]
[Result "1-0"]
[WhiteElo "2215"]
[BlackElo "2270"]

1.e4 g6 2.d4 Bg7 3.Nc3 Nc6 4.Be3 d5 5.Nxd5 e6 6.Nf4 Nxd4 7.c3 Nc6 8.Qxd8+ Nxd8
9.O-O-O Nc6 10.Bb5 Ne7 11.Nd3 a6 12.Ba4 e5 13.Ne2 b6 14.Nb4 b5 15.Nxc6 Nxc6
16.Bb3 Na5 17.Bd5 c6 18.Bb3 Nxb3+ 19.axb3 Be6 20.Kc2 O-O 21.b4 a5 22.bxa5 Rxa5
23.Ra1 Ra4 24.Rxa4 bxa4 25.Nc1 Ra8 26.Rd1 Bf8 27.Rd2 f5 28.f3 fxe4 29.fxe4 a3
30.bxa3 Rxa3 31.Rd8 Kg7 32.Rxf8  1-0

[Event "5th Mayors Cup 2012"]
[Site "Mumbai IND"]
[Date "2012.06.10"]
[Round "6.15"]
[White "Himanshu,Sh"]
[Black "Vinoth Kumar,M"]
[Result "1-0"]
[WhiteElo "2422"]
[BlackElo "2140"]

1.e4 g6 2.d4 Bg7 3.Nc3 a6 4.a4 d6 5.Nge2 Nd7 6.g3 e5 7.Bg2 h5 8.h3 h4 9.g4 g5
10.Be3 f6 11.Qd2 Ne7 12.a5 O-O 13.O-O Ng6 14.d5 Rf7 15.Na4 Bf8 16.b4 Be7
17.c4 Ndf8 18.f3 Bd7 19.Rfb1 Qe8 20.Nac3 Nf4 21.b5 N8g6 22.Bf1 Bd8 23.bxa6 bxa6
24.c5 Ne7 25.c6 Bc8 26.Rb2 f5 27.exf5 Nxf5 28.gxf5 Bxf5 29.Kh2 Nh5 30.Ne4 g4
31.hxg4 Bxe4 32.fxe4 Nf6 33.Bh3 Rg7 34.Nc3 Qg6 35.Qg2 Nh7 36.Rf1 Bg5 37.Bxg5 Nxg5
38.Rf5 Kh7 39.Qf1 Rag8 40.Rg2 Rb8 41.Rf6 Qe8 42.Qf5+ Kg8 43.Rf2 Nh7 44.Re6 Qf8
45.Rg6 Qxf5 46.gxf5 Rxg6 47.fxg6 Ng5 48.Rf5 Nxh3 49.Kxh3 Kg7 50.Rf7+ Kxg6
51.Rxc7 Rb3 52.Kxh4 Rxc3 53.Rd7 Rc4 54.Rxd6+ Kf7 55.Kg5  1-0

[Event "5th Mayors Cup 2012"]
[Site "Mumbai IND"]
[Date "2012.06.15"]
[Round "11.7"]
[White "Debashis,D"]
[Black "Sagar,S"]
[Result "1-0"]
[WhiteElo "2425"]
[BlackElo "2301"]

1.e4 g6 2.d4 Bg7 3.Nc3 c5 4.dxc5 Bxc3+ 5.bxc3 Qa5 6.Qd4 Nf6 7.Qb4 Nc6 8.Qxa5 Nxa5
9.Bd3 O-O 10.Bg5 Kg7 11.e5 Ng4 12.Nf3 f6 13.exf6+ exf6 14.Bf4 Re8+ 15.Kd2 b6
16.cxb6 axb6 17.Rhe1 Bb7 18.Rxe8 Rxe8 19.Re1 Rxe1 20.Kxe1 Bxf3 21.gxf3 Ne5
22.Be3 Nec4 23.Be4 Nxe3 24.fxe3 Kf7 25.Ke2 Ke6 26.f4 d5 27.Bd3 f5 28.Bb5 Kd6
29.Kd3 Kc5 30.Be8 Nc4 31.Bf7 Nb2+ 32.Ke2 Kc4 33.h4 Kxc3 34.Bxd5 Kxc2 35.Bg8 h6
36.Bf7 Na4 37.Bb3+  1-0

[Event "16th Voronezh Master Open"]
[Site "Voronezh RUS"]
[Date "2012.06.18"]
[Round "6.34"]
[White "Glukhov,A2"]
[Black "Kostin,K"]
[Result "0-1"]
[WhiteElo "2109"]
[BlackElo "2337"]

1.e4 g6 2.d4 Bg7 3.Nc3 a6 4.Be3 b5 5.Bd3 d6 6.Nf3 Bb7 7.O-O Nd7 8.d5 Ngf6
9.a4 b4 10.Na2 a5 11.c3 bxc3 12.Nxc3 O-O 13.Nd4 Ne5 14.f3 Nxd3 15.Qxd3 Nd7
16.Ncb5 Nc5 17.Qc2 e6 18.Nc6 Bxc6 19.dxc6 Na6 20.Bd2 Nc5 21.Be3 Ra6 22.Bxc5 Rxc6
23.Qd2 Rxc5 24.Rac1 c6 25.Nxd6 Rxc1 26.Rxc1 Qb6+ 27.Kf1 Rd8 28.Nc4 Rxd2 29.Nxb6 Bd4
30.Rxc6 Rf2+ 31.Ke1 Rxb2 32.Nc4 Rxg2 33.Nxa5 Rxh2 34.Nb3 Be3 35.Rc3 Bf4 36.Rc8+ Kg7
37.Nd4 Ra2 38.Rc4 h5 39.Ne2 Be3 40.Kf1 h4 41.Rc3 Ba7 42.f4 Rxa4 43.e5 Ra1+
44.Kg2 Re1 45.Rc2 Bb6 46.Kh3 Bd8 47.Rd2 Be7 48.Nd4 Re3+ 49.Kg2 Rg3+ 50.Kh2 Bc5
51.Ne2 Rf3 52.Rc2 Be3  0-1

[Event "TCh-POR Div 1 Final"]
[Site "Matosinhos POR"]
[Date "2012.06.21"]
[Round "1.1.4"]
[White "Ulyanovskyy,Vl UKR"]
[Black "Rodrigues,Af"]
[Result "1-0"]
[WhiteElo "2073"]
[BlackElo "2167"]

1.e4 g6 2.d4 Bg7 3.Nc3 c5 4.Nf3 cxd4 5.Nxd4 Nc6 6.Be3 Nf6 7.Be2 d6 8.O-O O-O
9.Qd2 Ng4 10.Bxg4 Bxg4 11.Nd5 Bd7 12.h3 Rc8 13.c4 Nxd4 14.Bxd4 Rxc4 15.Bxg7 Kxg7
16.Qd3 b5 17.b3 Rc5 18.b4 Rc4 19.Rac1 Rxc1 20.Rxc1 a6 21.Qd4+ e5 22.Qd3 Be6
23.Rd1 Qb8 24.Qf3 Bxd5 25.Rxd5 Rc8 26.h4 Rc6 27.h5 Qd8 28.g3 Qf6  1-0

[Event "40th TCh-GRE 2012"]
[Site "Achaea GRE"]
[Date "2012.07.01"]
[Round "3.12"]
[White "Pambalou,F"]
[Black "Makropoulou,M"]
[Result "1/2-1/2"]
[WhiteElo "2098"]
[BlackElo "2248"]

1.e4 g6 2.d4 Bg7 3.Nc3 a6 4.Nf3 b5 5.a3 Bb7 6.Be2 d6 7.O-O Nd7 8.Be3 Ngf6
9.d5 c5 10.Nd2 O-O 11.f4 e6 12.dxe6 fxe6 13.Bf3 d5 14.exd5 Nxd5 15.Nxd5 Bxd5
16.c3 Rc8 17.Ne4 Qe7 18.Qd2 Kh8 19.Rae1 Nb6 20.Qf2 Bxe4 21.Bxe4 Nc4 22.Bc1 Rcd8
23.Qc2 Qf6 24.Qf2 Qe7 25.Qc2 Qf6 26.Qf2 Qe7 27.Qc2  1/2-1/2

[Event "7th Wroclaw Open A"]
[Site "Wroclaw POL"]
[Date "2012.07.02"]
[Round "1.4"]
[White "Kasparov,S"]
[Black "Walentukiewicz,M"]
[Result "1/2-1/2"]
[WhiteElo "2493"]
[BlackElo "2113"]

1.e4 g6 2.d4 Bg7 3.Nc3 c5 4.d5 d6 5.f4 Na6 6.Nf3 Nc7 7.Bc4 Bg4 8.h3 Bxf3
9.Qxf3 Nf6 10.O-O O-O 11.a4 Nd7 12.Re1 Rb8 13.Qd3 Nb6 14.e5 Nxc4 15.Qxc4 a6
16.Qe4 b5 17.Rd1 b4 18.Ne2 Re8 19.Be3 f6 20.Ng3 f5 21.Qc4 Kh8 22.Ne2 Qc8
23.c3 a5 24.Qd3 bxc3 25.bxc3 Qa6 26.Qxa6 Nxa6 27.Rab1 Nc7 28.Rxb8 Rxb8 29.g4 Rb2
30.Ng3 fxg4 31.hxg4 dxe5 32.f5 Ne8 33.Bxc5 Rb7 34.fxg6 hxg6 35.Ne4 Nf6 36.Nxf6 Bxf6
37.d6 exd6 38.Bxd6 Kg8 39.Rf1 Bg7 40.c4 Rb3 41.Rc1 Bf8 42.Bxe5 Bc5+ 43.Kg2 Rb4
44.Kf3 Kf7 45.Ke4 Ke6 46.Bd4 Be7 47.Kd3 Rxa4 48.Re1+ Kd7 49.Rb1 Rb4 50.Ra1 Rb3+
51.Ke4 Rg3 52.Rxa5 Rxg4+ 53.Kd3 Rg3+ 54.Ke2 Rg4 55.Rd5+ Kc6 56.Kd3 Rg5 57.Rxg5  1/2-1/2

[Event "ch-Pan Americano U20 2012"]
[Site "Sao Paulo BRA"]
[Date "2012.07.03"]
[Round "8.5"]
[White "Sztokbant,B"]
[Black "Santiago,Y"]
[Result "0-1"]
[WhiteElo "2074"]
[BlackElo "2345"]

1.e4 g6 2.d4 Bg7 3.Nc3 c5 4.Nf3 cxd4 5.Nxd4 Nc6 6.Be3 Nf6 7.Be2 O-O 8.Nb3 d6
9.O-O a5 10.a4 b6 11.f4 Bb7 12.Bf3 Nd7 13.Rf2 Nb4 14.Rd2 Qc8 15.Bd4 e5 16.fxe5 Nxe5
17.Nb5 Qb8 18.c3 Na6 19.Bf2 Nc4 20.Re2 Be5 21.Nd2 Nxd2 22.Rxd2 Nc5 23.Nxd6 Bc6
24.Bg3 Bxg3 25.hxg3 Nd7 26.Nc4 Ne5 27.Nxe5 Qxe5 28.Qe1 Rad8 29.Rad1 Rxd2
30.Qxd2 Re8 31.Qd6 Bxa4 32.Rd5 Qxd6 33.Rxd6 Rb8 34.Kf2 Kf8 35.Ke3 Ke7 36.e5 Bd7
37.Kd4 b5 38.Bd5 b4 39.Bxf7 a4 40.Bd5 a3 41.bxa3 b3 42.Bxb3 Rxb3 43.Ra6 Rb2
44.c4 Rxg2 45.c5 Rd2+ 46.Kc4 Be6+ 47.Kb5 Rc2 48.Kb6 Bd7 49.e6 Kxe6 50.Kb7+ Ke7
51.c6 Rb2+ 52.Rb6 Bc8+ 53.Kc7 Rxb6 54.Kxb6 Kd6 55.a4 h5 56.Ka7 Kxc6  0-1

[Event "40th TCh-GRE 2012"]
[Site "Achaea GRE"]
[Date "2012.07.04"]
[Round "6.4"]
[White "Kalaitzoglou,P"]
[Black "Papadimitriou,A"]
[Result "1/2-1/2"]
[WhiteElo "2154"]
[BlackElo "2211"]

1.e4 g6 2.d4 Bg7 3.Nc3 d5 4.exd5 Nf6 5.Bc4 Nbd7 6.Bg5 O-O 7.Qf3 Nb6 8.Bb3 a5
9.a4 Bg4 10.Qf4 Qd6 11.h3 Bf5 12.g4 Bd7 13.Nge2 Ra6 14.O-O Nbxd5 15.Qxd6 Rxd6
16.Nxd5 Nxd5 17.c4 Nf6 18.Bf4 Rb6 19.Ra3 c6 20.Nc3 h5 21.f3 Rc8 22.Rd1 Be6
23.Be3 Ra6 24.c5 Nd5 25.Bxd5 cxd5 26.Rb3 b6 27.Rb5 hxg4 28.cxb6 Rb8 29.Nxd5 Bxd5
30.Rxd5 gxf3 31.b4 Raxb6 32.b5 Re6 33.Kf2 Rc8 34.Rc5 Rd8 35.d5 Red6 36.Rc6 Be5
37.Rxd6 Bxd6 38.Kxf3 Kf8 39.Rc1 Ke8 40.Rc6 Bb4 41.Ke4 Kd7 42.Ra6 f5+ 43.Kd3 Rh8
44.Bd4 Rxh3+ 45.Kc4 Rh4 46.Rxg6 Bd6 47.Re6 Rh1 48.Be5 Rc1+ 49.Kd3 Rd1+ 50.Kc4 Rc1+
51.Kd3 Rd1+ 52.Kc4  1/2-1/2

[Event "35th Barbera Open A"]
[Site "Barbera del Valles ESP"]
[Date "2012.07.05"]
[Round "2.24"]
[White "Barbero Senidic,A"]
[Black "Remolar Gallen,J"]
[Result "1-0"]
[WhiteElo "2370"]
[BlackElo "2121"]

1.e4 g6 2.d4 Bg7 3.Nc3 d5 4.exd5 Nf6 5.Bb5+ Nbd7 6.Nge2 O-O 7.Bg5 Nb6 8.Qd2 a6
9.Bd3 Nbxd5 10.O-O-O b5 11.h4 c5 12.dxc5 b4 13.Nb1 Qa5 14.Bh6 Qxa2 15.Bxg7 Kxg7
16.h5 Qa5 17.hxg6 fxg6 18.Qg5 Rg8 19.Bc4 e6 20.Bxd5 exd5 21.Qe5 Qd8 22.Nd4 Re8
23.Qg5 Ng4 24.Qd2 a5 25.f3 Ne3 26.Rde1 Qg5 27.Nb5 Re7 28.Qd4+ Kg8 29.Nd2 Bd7
30.f4 Qxg2 31.Reg1 Qe2 32.Rxg6+ hxg6 33.Qh8+ Kf7 34.Rh7+  1-0

[Event "7th Wroclaw Open A"]
[Site "Wroclaw POL"]
[Date "2012.07.06"]
[Round "5.12"]
[White "Mondrzycki,B"]
[Black "Walentukiewicz,M"]
[Result "0-1"]
[WhiteElo "2056"]
[BlackElo "2113"]

1.e4 g6 2.d4 Bg7 3.Nc3 c5 4.dxc5 Qa5 5.Bd2 Qxc5 6.Nd5 Na6 7.Nf3 Bxb2 8.Rb1 Bg7
9.Bxa6 bxa6 10.Bb4 Qc4 11.Qd3 Qxd3 12.cxd3 Rb8 13.O-O f6 14.Ba3 Rxb1 15.Rxb1 d6
16.Rc1 Be6 17.Rc7 f5 18.Ng5 Bxd5 19.exd5 Nf6 20.Bxd6 Nxd5 21.Rb7 Bf6 22.Bc5 O-O
23.Rd7 Nb6 24.Bxb6 axb6 25.Ne6 Rc8 26.Rc7 Rb8 27.Kf1 a5 28.d4 b5 29.Ke2 a4
30.Kd3 b4 31.Rc1 Kf7 32.Nc5 b3 33.axb3 axb3 34.Kc3 b2 35.Rb1 e5 36.Nd3 Rc8+
37.Kd2 e4 38.Ne5+ Bxe5 39.dxe5 Rb8 40.f4 exf3 41.gxf3 g5 42.Kd3 Ke6 43.Kd4 h5
44.h3 h4  0-1

[Event "35th Barbera Open A"]
[Site "Barbera del Valles ESP"]
[Date "2012.07.07"]
[Round "4.35"]
[White "Isgandarova,K"]
[Black "Miller,Jake S"]
[Result "0-1"]
[WhiteElo "2206"]
[BlackElo "2060"]

1.e4 g6 2.d4 Bg7 3.Nc3 c5 4.dxc5 Bxc3+ 5.bxc3 Qa5 6.Bd2 Qxc5 7.Bd3 d6 8.Ne2 Nf6
9.O-O O-O 10.Be3 Qc7 11.h3 Nbd7 12.f4 Nc5 13.Ng3 Nxd3 14.cxd3 Qxc3 15.Rc1 Qa5
16.Bd4 Bd7 17.e5 Qd5 18.Ba1 Ne8 19.Qe2 Bb5 20.Rf3 dxe5 21.fxe5 Ng7 22.e6 f6
23.Re3 Rac8 24.Re1 Rfd8 25.Qg4 Rc2 26.Ne2 Nf5 27.Re4 Bxd3 28.Rf4 Qc5+ 29.Kh2 Bxe2  0-1

[Event "6th LCT GpA 2012"]
[Site "Leiden NED"]
[Date "2012.07.07"]
[Round "2.18"]
[White "Van der Wiel,J"]
[Black "Vreeburg,J"]
[Result "1-0"]
[WhiteElo "2430"]
[BlackElo "1938"]

1.e4 g6 2.d4 Bg7 3.Nc3 c5 4.d5 d6 5.Bb5+ Nd7 6.a4 a6 7.Be2 b6 8.Nf3 Ngf6
9.h3 O-O 10.Bf4 Qc7 11.O-O Bb7 12.Bh2 Rad8 13.Bc4 Ne5 14.Nxe5 dxe5 15.Qe2 Ra8
16.Nd1 Nh5 17.Ne3 Nf4 18.Qf3 Kh8 19.Rfd1 Qd7 20.c3 b5 21.Bf1 Qd6 22.axb5 axb5
23.g3 Nh5 24.Bxb5 Rxa1 25.Rxa1 Qb6 26.Qe2 Rb8 27.Bd3 Bc8 28.Kg2 Qc7 29.Nc4 Qd7
30.g4 Nf4+ 31.Bxf4 exf4 32.f3 h5 33.Qf2 g5 34.Qxc5  1-0

[Event "6th LCT GpA 2012"]
[Site "Leiden NED"]
[Date "2012.07.07"]
[Round "2.13"]
[White "Luch,M"]
[Black "Iturbide Arnedo,O"]
[Result "1-0"]
[WhiteElo "2426"]
[BlackElo "2113"]

1.d4 g6 2.e4 Bg7 3.Nc3 c5 4.d5 d6 5.Bb5+ Nd7 6.a4 Nf6 7.f4 O-O 8.Nf3 Ne8
9.O-O Nc7 10.Be2 b6 11.Nb5 a6 12.Nxc7 Qxc7 13.c4 e6 14.dxe6 fxe6 15.Qd3 Nf6
16.Rd1 d5 17.cxd5 exd5 18.e5 Bb7 19.exf6 Bxf6 20.Ng5 Rae8 21.Bf3 Bd4+ 22.Kh1 Qd6
23.Qb3 Re7 24.Bd2 Kh8 25.Re1 c4 26.Qb4 Bc5 27.Qc3+ Kg8 28.Rxe7 Qxe7 29.Re1 Qf6
30.Ne6 Qxc3 31.Bxc3 Re8 32.Nxc5 Rxe1+ 33.Bxe1 bxc5 34.Bf2 Kf7 35.Bxc5 Ke6
36.Bg4+ Kf6 37.Kg1 a5 38.Bd7  1-0

[Event "7th Wroclaw Open A"]
[Site "Wroclaw POL"]
[Date "2012.07.07"]
[Round "6.10"]
[White "Szumilas,Pi"]
[Black "Paszewski,M"]
[Result "1/2-1/2"]
[WhiteElo "2196"]
[BlackElo "2028"]

1.e4 g6 2.d4 Bg7 3.Nc3 c5 4.d5 d6 5.Nf3 Nf6 6.Bc4 O-O 7.O-O Na6 8.Qd3 Nc7
9.Bg5 a6 10.a4 Rb8 11.Nd2 Ng4 12.Qe2 Ne5 13.a5 b5 14.axb6 Rxb6 15.f4 Bg4
16.Qe1 Nxc4 17.Nxc4 Rb4 18.b3 Nb5 19.Na2 Bxa1 20.Qxa1 Rxc4 21.bxc4 Nd4 22.c3 Nb3
23.Qb2 Na5 24.h3 Nxc4 25.Qb7 Bd7 26.Qxa6 Nd2 27.Re1 Qa8 28.Qe2 Qxa2 29.Rd1 f6
30.Bh4 Rb8 31.Rxd2 Qa1+ 32.Rd1 Qxc3 33.e5 Rb2 34.Qd3 Qxd3 35.Rxd3 g5 36.fxg5 fxe5
37.g6 hxg6 38.Bxe7 Rb6 39.Rf3 c4 40.Rf8+ Kg7 41.Rd8 Rb7 42.Bxd6 e4 43.Kf2 Kf7
44.Rf8+ Kg7 45.Rf4 Rb5 46.Rxe4 Bf5 47.Be5+ Kf7 48.Rxc4 Rxd5 49.Bd4 Ra5 50.Rc7+ Ke6
51.g4 Bb1 52.Ke3 Ra3+ 53.Bc3 Ra4 54.Rb7 Bc2 55.Rb2 Be4 56.Rb6+ Kd5 57.Bb4 Bc2
58.Kf4 Ra1 59.Rd6+ Kc4 60.Rc6+ Kb3 61.Kg5 Be4 62.Re6 Bd3 63.Be7 Rh1 64.Re3 Kc4
65.Bf6 Bb1 66.Bg7 Kd5 67.Bc3 Be4 68.Bb2 Rh2 69.Bf6 Rh1 70.h4 Bb1 71.Rb3 Bc2
72.Rb2 Be4 73.Rd2+ Ke6 74.Re2 Kd5 75.Rxe4 Kxe4 76.Kxg6 Kf4 77.Kh5 Rd1 78.Bg5+ Kg3
79.Be3 Rd5+ 80.g5 Re5 81.Bb6 Re4 82.g6  1/2-1/2

[Event "16th Godesburg Open"]
[Site "Bad Godesberg GER"]
[Date "2012.07.08"]
[Round "2.8"]
[White "Schmid,T2"]
[Black "Ter Steeg,M"]
[Result "1/2-1/2"]
[WhiteElo "2249"]
[BlackElo "1905"]

1.Nc3 g6 2.d4 Bg7 3.e4 c5 4.d5 d6 5.Bb5+ Nd7 6.a4 a6 7.Be2 Bxc3+ 8.bxc3 Ngf6
9.f3 Ne5 10.c4 h5 11.f4 Neg4 12.h3 Nh6 13.Bd3 e6 14.Qf3 exd5 15.cxd5 Qe7
16.Ne2 c4 17.Bxc4 Qxe4 18.Qxe4+ Nxe4 19.O-O Nf5 20.Rb1 O-O 21.Rb6 h4 22.a5 Re8
23.Rd1 Re7 24.Nd4 Rc7 25.Nxf5 Bxf5 26.Bb3 Re8 27.Re1 Rc5 28.Bd2 Rec8 29.Be3 Rb5
30.Rxb5 axb5 31.Bd4 Kf8 32.Rd1 Nc3 33.Rd2 Ne4 34.Re2 Ra8 35.Bb6 Rc8 36.Bd4 Ra8
37.Bb6 Rc8 38.Re3 Nd2 39.Re2 Ne4 40.Re1 Nd2 41.Bf2 Re8 42.Rc1 Re2 43.Ba2 Be4
44.Re1 Rxe1+ 45.Bxe1 Nc4 46.Bb3 Bxd5 47.Bxh4 Be4 48.Be1 Ne3 49.c3 Nxg2 50.Bd2 d5
51.Kf2 Nh4 52.Bd1 Nf5 53.Be2 Nd6 54.Be3 Nc4 55.Bc5+ Kg7 56.Bxc4 bxc4 57.Ke3 Kf6
58.Bd6 Kf5 59.Be7 Bg2 60.h4 Ke6 61.Bd8 Kd7 62.Bb6 Kc6 63.Kd4 Bh3 64.Ke5 Be6
65.Kf6 Kd6 66.Bd4 Kc6 67.Bb6 Kd6 68.Bd4 Kc6 69.f5 Bxf5 70.h5 Be4 71.h6 g5
72.Kxf7 g4 73.Kg7 Kb5 74.Bb6 Ka4 75.h7 Bxh7 76.Kxh7 Kb3 77.Bd4 g3 78.Kg6 g2
79.Kf5 g1=Q 80.Bxg1 Kxc3 81.Ke5 Kb4 82.Kxd5 Kxa5 83.Kxc4  1/2-1/2

[Event "II Holuj-Radzikowski Mem"]
[Site "Warsaw POL"]
[Date "2012.07.08"]
[Round "8.3"]
[White "Iwanow,A"]
[Black "Rajlich,I"]
[Result "1-0"]
[WhiteElo "2186"]
[BlackElo "2419"]

1.e4 g6 2.d4 Bg7 3.Nc3 a6 4.f4 b5 5.Nf3 b4 6.Nb1 d6 7.a3 Bb7 8.Bd3 c5 9.Be3 Nf6
10.Nbd2 d5 11.e5 Ng4 12.Bg1 c4 13.Be2 bxa3 14.Rxa3 e6 15.Ng5 Nh6 16.Rh3 Nd7
17.g4 Nf8 18.Be3 Ng8 19.f5 h6 20.Ngf3 f6 21.c3 g5 22.fxe6 Nxe6 23.Qc2 fxe5
24.dxe5 Ne7 25.O-O Nf4 26.Bxf4 gxf4 27.b3 Qb6+ 28.Kh1 O-O-O 29.bxc4 h5 30.gxh5 Qe6
31.Rh4 Nf5 32.Nd4 dxc4+ 33.Kg1 Rxd4 34.cxd4 Nxh4 35.Rxf4 Qe7 36.Nxc4 Kb8
37.Nd6 Bxe5 38.dxe5 Qg5+ 39.Rg4 Qe3+ 40.Kf1 Rf8+ 41.Ke1 Nf3+ 42.Kd1 Qxe5
43.Nxb7 Rc8 44.Qxc8+ Kxc8 45.Bxf3 Qxh2 46.Rg6 Qf2 47.Nd6+ Kc7 48.Be2 a5 49.h6 Qd4+
50.Kc2 Qa4+ 51.Kd2 Qd4+ 52.Bd3 Qf2+ 53.Kc3 Qc5+ 54.Nc4 Qh5 55.Rg7+ Kc6 56.h7 Qh4
57.Rg8 Qe1+ 58.Kc2 Qf2+ 59.Nd2 Qc5+ 60.Kb2 Qd4+ 61.Kc1 Qa1+ 62.Nb1 Qd4 63.h8=Q Qf4+
64.Nd2  1-0

[Event "Werner-Ott-Open 2012"]
[Site "Berlin GER"]
[Date "2012.07.09"]
[Round "3.17"]
[White "Glantz,R"]
[Black "Schmalzried,V"]
[Result "1-0"]
[WhiteElo "2286"]
[BlackElo "1868"]

1.e4 g6 2.d4 Bg7 3.Nc3 c5 4.d5 d6 5.Nf3 Nf6 6.Bb5+ Bd7 7.a4 O-O 8.O-O a6
9.Be2 e6 10.h3 exd5 11.exd5 Bf5 12.Nd2 Qc7 13.a5 Re8 14.Bf3 b5 15.axb6 Qxb6
16.Nc4 Qc7 17.Bf4 Bf8 18.g4 Be4 19.Be2 Bxd5 20.Nxd5 Nxd5 21.Qxd5 Nc6 22.Rfe1 Nd4
23.Bd3 Rad8 24.c3 Ne6 25.Bg3 Qd7 26.Bf1 Nc7 27.Qd2 Rxe1 28.Rxe1 d5 29.Ne5  1-0

[Event "35th Barbera Open A"]
[Site "Barbera del Valles ESP"]
[Date "2012.07.10"]
[Round "7.28"]
[White "Libiszewski,F"]
[Black "Remolar Gallen,J"]
[Result "1-0"]
[WhiteElo "2505"]
[BlackElo "2121"]

1.e4 g6 2.d4 Bg7 3.Nc3 d5 4.exd5 Nf6 5.Bc4 Nbd7 6.Nf3 O-O 7.Bb3 Nb6 8.O-O a5
9.a4 Nbxd5 10.Nxd5 Nxd5 11.Ne5 c6 12.Re1 Be6 13.c3 Qb6 14.Ra3 Rad8 15.Nd3 Rfe8
16.Bg5 Bf6 17.Bxf6 exf6 18.Nc5 Bg4 19.f3 Bc8 20.Ra1 Qc7 21.Qd2 Kg7 22.Bxd5 cxd5
23.Nd3 Bf5 24.Nf4 Qc6 25.g4 Bd7 26.b3 Rxe1+ 27.Rxe1 b5 28.axb5 Qxb5 29.Qc2 Rb8
30.Nd3 h5 31.h3 hxg4 32.hxg4 f5 33.Nc5 fxg4 34.Qh2 gxf3 35.Qe5+ Kh7 36.Kf2 Bg4
37.Qf4 Bf5 38.c4 dxc4 39.Rh1+ Kg7 40.Qe5+  1-0

[Event "6th Varna Open"]
[Site "Varna BUL"]
[Date "2012.07.11"]
[Round "1.18"]
[White "Dichev,Kaloyan"]
[Black "Janachkov,A"]
[Result "0-1"]
[WhiteElo "1496"]
[BlackElo "2193"]

1.e4 g6 2.d4 Bg7 3.Nc3 c5 4.Nf3 cxd4 5.Nxd4 Nc6 6.Be3 Nf6 7.h3 O-O 8.Nxc6 bxc6
9.Bc4 Qa5 10.O-O d6 11.Qd2 Ba6 12.Bxa6 Qxa6 13.Bh6 Rfd8 14.Bxg7 Kxg7 15.Rfd1 Rab8
16.Rab1 Qa5 17.Qd4 Rb4 18.Qe3 e5 19.Rd3 Qb6 20.Qxb6 axb6 21.f3 Rd4 22.Rbd1 Rxd3
23.Rxd3 Kf8 24.Kf2 Ke7 25.Ke3 Ra8 26.a3 Nd7 27.Rd1 b5 28.Ra1 Nc5 29.b3 f5
30.a4 bxa4 31.b4 Ne6 32.Rxa4 Rxa4 33.Nxa4 Nf4 34.Kf2 fxe4 35.fxe4 g5 36.Nb2 d5
37.exd5 Nxd5 38.Nd3 e4 39.Ne1 Ke6 40.g3 Nxb4 41.Ke3 Ke5 42.Kd2 h5 43.Ng2 Nd5
44.h4 gxh4 45.gxh4 Kd4 46.c3+ Kc4 47.Kc2 e3  0-1

[Event "2nd Science Park Open A"]
[Site "Amsterdam NED"]
[Date "2012.07.14"]
[Round "1"]
[White "Bijlsma,N"]
[Black "Ten Hertog,H"]
[Result "1-0"]
[WhiteElo "2130"]
[BlackElo "2349"]

1.e4 g6 2.d4 Bg7 3.Nc3 a6 4.a4 e6 5.Nf3 Ne7 6.h4 h6 7.Be3 d5 8.e5 c5 9.dxc5 Nd7
10.Qd2 Nc6 11.Be2 Qe7 12.Nd4 Ncxe5 13.f4 Nc6 14.Nb3 h5 15.O-O-O f5 16.g3 O-O
17.Rhe1 Rd8 18.Bf3 Nf6 19.Qg2 Bd7 20.Bg1 Ne4 21.Bxe4 fxe4 22.g4 Qxh4 23.gxh5 Qxh5
24.Be3 Kf7 25.Rg1 Ne7 26.Nd4 Nf5 27.Nxf5 Qxf5 28.Nxd5 exd5 29.Rxd5 Qf6 30.c3 Bc6
31.Rg5 Rd3 32.Rxg6 Rxc3+ 33.Kb1 Rxe3 34.Rxg7+ Kf8 35.Rg8+ Ke7 36.Rxa8 Rb3
37.Qh2 Bd5 38.Qh7+ Bf7 39.Qxe4+ Kd7 40.Rd1+ Kc7 41.Qe5+ Qxe5 42.fxe5  1-0

[Event "11th La Fere Open"]
[Site "La Fere FRA"]
[Date "2012.07.14"]
[Round "9.11"]
[White "Durot,E"]
[Black "Vekemans,D"]
[Result "1/2-1/2"]
[WhiteElo "1713"]
[BlackElo "1980"]

1.e4 g6 2.d4 Bg7 3.Nc3 c5 4.Nf3 Nc6 5.Ne2 cxd4 6.Nexd4 Qb6 7.Nxc6 dxc6 8.c3 Bg4
9.Be2 Nf6 10.Qc2 O-O 11.h3 Bxf3 12.Bxf3 Nd7 13.Be3 Qa5 14.O-O Ne5 15.Be2 Rfd8
16.a3 Qc7 17.Rad1 Nd7 18.Rd2 Nf6 19.Rfd1 Rxd2 20.Rxd2 b6 21.Qd3 Kf8 22.Bf3 Ke8
23.Rd1 Rd8 24.Qxd8+ Qxd8 25.Rxd8+ Kxd8 26.Kf1 Kc7 27.Ke2 Nd7 28.Kd2 e5 29.g3 Kd6
30.Kd3 f5 31.Bg2 h5 32.f3 Bf6 33.Bf1 Nf8 34.Be2 Ne6 35.f4 Ng7  1/2-1/2

[Event "Corporation Centre Cup A"]
[Site "Izhevsk RUS"]
[Date "2012.07.15"]
[Round "1"]
[White "Khalilov,Denis"]
[Black "Terentjev,V"]
[Result "0-1"]
[WhiteElo "1966"]
[BlackElo "2340"]

1.e4 g6 2.d4 Bg7 3.Nc3 a6 4.Nf3 b5 5.Bd3 Bb7 6.O-O d6 7.Re1 Nd7 8.Bg5 c5
9.dxc5 Nxc5 10.Rb1 h6 11.Bh4 Nf6 12.b4 Nxd3 13.Qxd3 O-O 14.Nd5 g5 15.Bg3 Nh5
16.Rbd1 Rc8 17.Nd4 Nxg3 18.hxg3 e6 19.Ne3 Qb6 20.f4 Rc4 21.Nxc4 bxc4 22.Qe3 Qxb4
23.f5 Re8 24.fxe6 fxe6 25.Nf3 Ba8 26.c3 Bxc3 27.Rb1 Qc5 28.Qxc5 dxc5 29.Rec1 Bxe4
30.Rb6 Bb4 31.Rxc4 Bd3 32.Rc1 e5 33.Rxh6 Kg7 34.Rd6 c4 35.Rxa6 Bc5+ 36.Kh1 Rh8+
37.Nh2 Bf2  0-1

[Event "2nd Science Park Open A"]
[Site "Amsterdam NED"]
[Date "2012.07.16"]
[Round "3"]
[White "Diaz Herrero,A"]
[Black "Ten Hertog,H"]
[Result "0-1"]
[WhiteElo "2137"]
[BlackElo "2349"]

1.e4 g6 2.d4 Bg7 3.Nc3 a6 4.f4 b5 5.Nf3 Bb7 6.Bd3 d6 7.e5 Nd7 8.Be3 e6 9.Be4 Bxe4
10.Nxe4 Nb6 11.Qd3 Ne7 12.O-O-O h5 13.Kb1 Nf5 14.g3 Rc8 15.Bf2 Nd5 16.h3 Qd7
17.Qd2 Qc6 18.Nfg5 Bh6 19.Rhg1 Bxg5 20.Nxg5 b4 21.Ka1 Rb8 22.g4 Nfe7 23.Ne4 Rb5
24.Bh4 hxg4 25.Bxe7 Kxe7 26.hxg4 Rh3 27.f5 Ne3 28.Ng5 Nxc2+ 29.Kb1 Rc3 30.fxg6 Qd5
31.a4 Ra5 32.Qf4 Qa2+ 33.Kc1 Nxd4+  0-1

[Event "5th Paleochora Open"]
[Site "Paleochora GRE"]
[Date "2012.07.19"]
[Round "5.17"]
[White "Neelotpal,D"]
[Black "Pappelis,D"]
[Result "1-0"]
[WhiteElo "2456"]
[BlackElo "2042"]

1.d4 g6 2.e4 Bg7 3.Nc3 d5 4.exd5 Nf6 5.Bc4 Nbd7 6.Nf3 Nb6 7.Bb3 a5 8.a4 Nbxd5
9.Nxd5 Nxd5 10.h3 O-O 11.O-O c6 12.Re1 h6 13.Ne5 Qd6 14.Bd2 Qf6 15.c4 Nc7
16.Bc3 Qg5 17.Nf3 Qh5 18.d5 Bxc3 19.bxc3 e6 20.Re5 g5 21.dxc6 bxc6 22.Qd6 f6
23.Rc5 Rf7 24.Rxc6 Ne8 25.Rxc8 Rxc8 26.Qxe6 Rb8 27.c5 Kf8 28.g4 Qg6 29.Ne5  1-0